She Likes A Boy - Nxdia - All Lyrics - Statistics

General Stats
  • This quiz has been taken 12 times
  • The average score is 228 of 271
Answer Stats
Answer % Correct
a
100%
a–
100%
And
100%
and
100%
bo–
100%
boy,
100%
boy
100%
I
100%
I'm
100%
likes
100%
not
100%
She
100%
she
100%
oh,
86%
At
71%
at
71%
do
71%
in
71%
me
71%
mine
71%
so
71%
that
71%
the
71%
who
71%
about
57%
am
57%
‘bout
57%
'bout
57%
boys
57%
dreams
57%
face
57%
fourteen,
57%
got
57%
her
57%
He's
57%
Katy
57%
liking
57%
lip
57%
on
57%
pretty
57%
says
57%
school
57%
she's
57%
She's
57%
someone
57%
something
57%
Strawberry
57%
talked
57%
teenage
57%
Why
57%
why
57%
with
57%
Accustomed
43%
all-boys
43%
angry
43%
ask,
43%
bus
43%
But
43%
chase
43%
dog
43%
feeling
43%
first
43%
girlfriend
43%
gloss,
43%
half-Greek
43%
“Have
43%
height
43%
his
43%
it's
43%
life
43%
looking
43%
making
43%
mind?”
43%
move
43%
place?
43%
Talking
43%
this
43%
to
43%
wasted
43%
way
43%
you
43%
dumb
29%
hurting?
29%
Mmm,
29%
Suddenly
29%
worried
29%
your
29%
Fuck
14%
guy
14%
No matching quizzes found
Score Distribution
Percent of People with Each Score
Percentile by Number Answered
Your Score History
You have not taken this quiz